000 00805cam a22002053a 4500
001 40233
003 PGUSA
005 20140828083909.0
008 120714s2012||||xxu|||||s|||||000 | eng d
040 _aPGUSA
_beng
042 _adc
100 1 _aKellogg, John Jackson,
_d1837-1916
245 1 0 _aWar Experiences and the Story of the Vicksburg campaign from "Milliken's Bend" to July 4, 1863 :
_bbeing an accurate and graphic account of campaign events taken from the diary of Capt. J.J. Kellogg, of Co. B 113th Illinois volunteer infantry
_h[electronic resource] /
_cJohn Jackson Kellogg
260 _bProject Gutenberg,
_c2012
506 _aPublic domain in the USA.
516 _aElectronic text
830 0 _aProject Gutenberg
_v40233
856 4 0 _uhttp://www.gutenberg.org/ebooks/40233
942 _cEB
999 _c269486
_d269486